|
|
|
|
| LEADER |
00566cam a2200157 7i4500 |
| 001 |
0000033149 |
| 005 |
20160225090000.0 |
| 022 |
0 |
0 |
|a 1756977X
|
| 090 |
0 |
0 |
|a CARI 380.14
|b CAR
|
| 245 |
0 |
0 |
|a Caribbean telecommunications report Q4 2015 :
|b includes 5-year industry forecasts to 2019.
|
| 260 |
0 |
0 |
|a London:
|b Business Monitor International,
|c 2015.
|
| 300 |
# |
# |
|a 206 pages.
|
| 440 |
0 |
0 |
|a Part of BMI's Industry survey & forecasts series
|
| 650 |
0 |
0 |
|a Internet --
|z Caribbean
|
| 650 |
0 |
0 |
|a Telecommunications --
|z Caribbean
|
| 999 |
|
|
|a B000037360
|b Book
|c Regions
|e Business Information Centre
|